| 000 | 01443nam a2200361 i 4500 | ||
|---|---|---|---|
| 001 | 178890 | ||
| 003 | ES-MaACL | ||
| 005 | 20250722063155.0 | ||
| 008 | 110728s2008 sp |||| |bspa d | ||
| 017 |
_aGR 1832-2008 _bOficina Depósito Legal Granada |
||
| 020 | _a9788493668501 | ||
| 040 |
_aSpMaBN _bspa _cSpMaBN _erdc |
||
| 080 | _a929 Obama, Barack | ||
| 080 | _a316.647.82-054(73) | ||
| 080 | _a316.47(73) | ||
| 100 | 1 |
_aObama, Barack, _9241357 _d1961- _eaut |
|
| 240 | _aDreams of my Father | ||
| 245 | 1 | 4 |
_aLos sueños de mi padre : _buna historia de raza y herencia / _cBarack Obama ; traducción, Fernando Miranda y Evaristo Páez Rasmussen. |
| 260 |
_aGranada : _bAlmed, _c[2008] |
||
| 300 |
_aXIX, 405 páginas ; _c24 cm. |
||
| 600 | 1 | 7 |
_aObama, Barack, _9241357 _2embne _d1961- |
| 650 | 7 |
_aRacismo- _zEstados Unidos _9147462 |
|
| 650 | 7 |
_aDiscriminación racial- _zEstados Unidos _9147463 |
|
| 700 | 1 |
_aMiranda, Fernando _9147464 _etrl |
|
| 700 | 1 |
_aPáez Rasmussen, Evaristo _9147465 _etrl |
|
| 852 |
_aES-MaACL _jA-11386 _9185756 _bR.145892 _cDEPO1 _dOlim: N-4390 |
||
| 852 |
_aES-MaACL _9204453 _cDEPOJ _hDonación: José Lázaro García _xEncuadernación rústica _jN-10152 |
||
| 903 |
_9234219 _aLázaro García, José _ednr |
||
| 942 |
_cMONOGRAFIA _n0 |
||
| 999 |
_c178890 _d178890 |
||